Statistics for British Political Parties in UK Parliament

Click here to take the quiz!

General Stats

  • This quiz has been taken 322 times
    (283 since last reset)
  • The average score is 8 of 10

Answer Stats

LeaderParty% Correct
Boris JohnsonConservatives
99%
Sir Keir StarmerLabour
99%
Nicola SturgeonSNP
94%
Ed DaveyLiberal Democrats
92%
Jeffrey DonaldsonDUP
80%
Carla Dexter and Adrian RamseyGreen Party
80%
Michelle O’NeillSinn Féin
75%
Adam PricePlaid Cymru
69%
Colum EastwoodSocial Democratic and Labour Party
42%
Naomi LongAlliance Party of Northern Ireland
35%

Score Distribution

Percentile by Number Answered

Percent of People with Each Score

Your Score History

You have not taken this quiz since the last reset